Vojenská bezpečnosť vo svete v roku 2012

Pokračovanie článku o riešení problémov svetovej bezpečnosti vo vojenskej oblasti. Hľadanie nových spôsobov k riešeniu problémov v pomaly, ale zreteľne sa vytvárajúcom multipolárnom svete. Vývoj svetovej politiky a bezpečnosti.

Guardado en:
Detalles Bibliográficos
Autor principal: Škvrnda, František
Formato: Capítulo de libro
Lenguaje:eslovaco
Materias:
Etiquetas: Agregar Etiqueta
Sin Etiquetas, Sea el primero en etiquetar este registro!

MARC

LEADER 00000nla a2200000 4500
001 0165992
005 20240502072906.3
041 0 |a slo 
044 |a SK 
245 1 0 |a Vojenská bezpečnosť vo svete v roku 2012  |c František Škvrnda 
520 |a Pokračovanie článku o riešení problémov svetovej bezpečnosti vo vojenskej oblasti. Hľadanie nových spôsobov k riešeniu problémov v pomaly, ale zreteľne sa vytvárajúcom multipolárnom svete. Vývoj svetovej politiky a bezpečnosti. 
610 2 0 |a politika svetová 
610 2 0 |a vzťahy medzinárodné 
610 2 0 |a bezpečnosť medzinárodná 
610 2 0 |a globalizácia 
610 2 0 |a konflikty medzinárodné 
610 2 0 |a systémy bezpečnostné 
100 1 |a Škvrnda, František